000
00252nam a2200109Ia 4500
008
200302s9999 xx 000 0 und d
100
_a
Philip Drew
245
_a
Tensile Architecture
260
_b
Granada Publishing Ltd.
260
_c
1979
300
_a
237 P.,
999
_c
61
_d
61